| 000 | 00422nam a2200157Ia 4500 | ||
|---|---|---|---|
| 008 | 230917s9999||||xx |||||||||||||| ||und|| | ||
| 020 | _cRS135 | ||
| 040 |
_e19860 _aMAIN |
||
| 041 | _aEnglish | ||
| 082 | _a301.451 J199R | ||
| 100 | _aJain, Prakash C | ||
| 245 | 0 | _aRacial discrimination against overseas Indians: A class analysis | |
| 260 |
_aN.Delhi _bConcept Publishing _c1990 |
||
| 300 | _aviii,212 p. | ||
| 942 | _cBK | ||
| 999 |
_c69616 _d69616 |
||